| 000 | 00766nam a2200229 a 4500 | ||
|---|---|---|---|
| 001 | 41389 | ||
| 003 | BD-RjUL | ||
| 005 | 20211209053358.0 | ||
| 008 | 160529s1981 bg ||||| |||| 00| 0 ben d | ||
| 020 | _c: Tk.28.00 | ||
| 035 | _a(BD-RjUL)41506 | ||
| 040 |
_aBD-RjUL _bben _cBD-RjUL |
||
| 041 | _aben | ||
| 082 |
_223 _a891.44408 _bFAN 1981 |
||
| 100 |
_aফজল, আবুল _9127253 |
||
| 245 | 1 | 0 |
_aনির্বাচিত প্রবন্ধ সংকলন / _cআবুল ফজল |
| 260 |
_aঢাকা : _bবাংলা একাডেমী, _c১৯৮১ |
||
| 300 |
_a[৬], ২৭৭ পৃ. ; _c২১ সেমি. |
||
| 650 |
_aবাংলা প্রবন্ধ _9127254 |
||
| 650 |
_aBengali fiction _9127255 |
||
| 942 |
_2ddc _cBK _01 |
||
| 999 |
_c41389 _d41389 |
||